000 00510cam a2200193ua 4500
001 960
008 110425n ii |||gr||||Z||||||eng
020 _a81-7680-021-0
040 _cMAIN
082 _a320.954
245 1 _aBharatar sarkar aru rajniti.
_cBy Thaneswar Lahan.
250 _a1st.
260 _aDibrugarh.:
_bTushar publishing house.,999.
300 _axii, 455 p.:
_c23 cm.
653 _aPolitical science.
653 _aBharatar sarkar aru rajniti.
700 _aLahan, Thaneswar.,
942 _cBK
999 _c881
_d881